000 00572nam a22001817a 4500
999 _c8444
_d8444
008 201124b ||||| |||| 00| 0 eng d
040 _aBMS College of Architecture
100 _aT, Jyothsna
245 _aNature conservation and research center Shivamoga
300 _a58p.
500 _a1BM14AT040
502 _8B,Arch
_NBMS College of Architecture, Visvesvaraya Technological University (VTU)
_aProject report
_d2018
650 _aNature
650 _aResearch center
700 _aSreedhar K Morab
_eGuide
700 _aShantesh Kelvekar
_eGuide
942 _2ddc
_cTHE